| 000 | 00647nam a2200205Ia 4500 | ||
|---|---|---|---|
| 003 | OSt | ||
| 005 | 20230415091033.0 | ||
| 008 | 210423s2003 xx 000 0 und d | ||
| 020 | _a97886213045 | ||
| 040 | _cAL | ||
| 041 | _aeng | ||
| 082 |
_a808.84 _223 _bTURR |
||
| 100 |
_aTURLEY (Richard Marggraf). _988588 |
||
| 245 | _aRoutledge study guides writing essays: guide for students in english and the humanities. | ||
| 260 |
_aLondon _bRoutledge & Kegan Paul _c2003 |
||
| 300 |
_axiv,145 _bPB |
||
| 365 |
_b225 _cINR |
||
| 906 | _aenglish ; essays: ; guide ; guides ; humanities. ; Routledge ; students ; study ; writing | ||
| 942 |
_2ddc _cBK |
||
| 999 |
_c157499 _d157499 |
||